Los países liberados: problemas de la comunidad /
Saved in:
| Main Author: | |
|---|---|
| Format: | Text |
| Tags: |
Add Tag
No Tags, Be the first to tag this record!
|
MARC
| LEADER | 00000 a a2200000 04500 | ||
|---|---|---|---|
| 001 | 3194 | ||
| 003 | |||
| 040 | |||
| 100 | |a Primakov, Eugueni | ||
| 245 | |a Los países liberados: |b problemas de la comunidad / |c Eugueni Primakov | ||
| 773 | |g número 4; páginas 23-38 | ||
| 999 | |c 28933 |d 28933 | ||
